[Event "II Trofeo Antica Scuola Napoletana A"]
[Site "Napoli ITA"]
[Date "2014.03.13"]
[Round "2"]
[White "Zinnai, Graziano Matteo"]
[Black "Schiappoli, Dario"]
[WhiteElo "2032"]
[BlackElo "1915"]
[Result "1-0"]
[PlyCount "41"]
[EventDate "2014.03.06"]

1. e4 e5 2. Nf3 Nc6 3. Bb5 a6 4. Ba4 Nf6 5. O-O Bc5 6. c3 O-O 7. d4 exd4 8.
cxd4 Be7 9. Nc3 d5 10. e5 Ne4 11. Bc2 Bg4 12. Be3 Nxc3 13. bxc3 f6 14. Qd3 g6
15. Bh6 Rf7 16. Nh4 fxe5 17. Nxg6 Bf5 18. Qg3 hxg6 19. Bxf5 Kh8 20. Qxg6 Rxf5
21. Qg7# 1-0

[Event "II Trofeo Antica Scuola Napoletana A"]
[Site "Napoli ITA"]
[Date "2014.03.20"]
[Round "3"]
[White "Auletta, Pasquale"]
[Black "Esposito, Rosario"]
[WhiteElo "1557"]
[BlackElo "1832"]
[Result "1/2-1/2"]
[PlyCount "56"]
[EventDate "2014.03.06"]

1. e4 c5 2. Nf3 e6 3. d4 cxd4 4. Nxd4 Nc6 5. Nc3 Qc7 6. Be3 a6 7. Qd2 Nf6 8. f3
Bb4 9. Be2 O-O 10. O-O-O Ne5 11. a3 Bxc3 12. Qxc3 Qxc3 13. bxc3 Nc6 14. Bf4 e5
15. Nxc6 exf4 16. Ne7+ Kh8 17. Nd5 Nxd5 18. Rxd5 h6 19. h4 g6 20. h5 g5 21. Rd6
Kg7 22. Rhd1 Re8 23. R1d5 Re6 24. Bc4 b5 25. Bb3 Ra7 26. Rd4 Rxd6 27. Rxd6 Rc7
28. Kd2 Rc6 1/2-1/2

[Event "II Trofeo Antica Scuola Napoletana A"]
[Site "Napoli ITA"]
[Date "2014.03.20"]
[Round "3"]
[White "Baccelliere, Antonio"]
[Black "Zinnai, Graziano Matteo"]
[WhiteElo "1700"]
[BlackElo "2032"]
[Result "0-1"]
[PlyCount "72"]
[EventDate "2014.03.06"]

1. e4 e6 2. d4 d5 3. exd5 exd5 4. Bd3 Bd6 5. Ne2 Nf6 6. Bf4 O-O 7. O-O Bg4 8.
f3 Bh5 9. Qd2 Bg6 10. Nbc3 Bxd3 11. cxd3 c6 12. Rfe1 Re8 13. Ng3 Bxf4 14. Qxf4
Nbd7 15. b4 Qb6 16. a3 Nf8 17. Nf5 Ng6 18. Qg5 Qc7 19. h4 Qf4 20. Ne7+ Rxe7 21.
Rxe7 Qxd4+ 22. Re3 Qxc3 23. Rae1 h6 24. Qg3 d4 25. R3e2 Nh5 26. Qg4 Nf6 27. Qg3
Qxd3 28. Qc7 Qb5 29. Kf2 Qb6 30. Qxb6 axb6 31. Rd2 c5 32. Rb1 Rxa3 33. bxc5
bxc5 34. Rxb7 Rc3 35. g3 Ne5 36. Rb8+ Kh7 0-1

[Event "II Trofeo Antica Scuola Napoletana A"]
[Site "Napoli ITA"]
[Date "2014.03.20"]
[Round "3"]
[White "Baltzopoulos, Giorgos"]
[Black "Capozzoli, Silvio"]
[WhiteElo "2030"]
[BlackElo "1743"]
[Result "1-0"]
[PlyCount "87"]
[EventDate "2014.03.06"]

1. d4 g6 2. c4 Bg7 3. e4 d6 4. Nc3 e6 5. Nf3 Nd7 6. Be2 a6 7. Be3 h6 8. h4 Ngf6
9. Nd2 e5 10. d5 Nh7 11. h5 g5 12. g4 Qe7 13. b4 b6 14. Rc1 O-O 15. Qb3 Qd8 16.
f3 Nhf6 17. Na4 Re8 18. O-O Bf8 19. Rc3 a5 20. a3 axb4 21. axb4 Ba6 22. Rfc1
Qb8 23. Bf1 Rd8 24. Qc2 Ne8 25. Ra3 Bb7 26. Rca1 c5 27. dxc6 Bxc6 28. b5 Bb7
29. Nxb6 Nxb6 30. Bxb6 Rxa3 31. Rxa3 Bxe4 32. Nxe4 Qxb6+ 33. Qf2 Rb8 34. Ra6
Qxf2+ 35. Kxf2 Nc7 36. Rc6 Ne8 37. b6 f6 38. Nc3 Kf7 39. Nd5 Be7 40. Bd3 Kf8
41. Bg6 Ng7 42. b7 Ne8 43. Rc8 Bd8 44. Rxb8 1-0

[Event "II Trofeo Antica Scuola Napoletana A"]
[Site "Napoli ITA"]
[Date "2014.03.20"]
[Round "3"]
[White "De Rosa, Mariagrazia"]
[Black "Seletsky, Grigory"]
[WhiteElo "2054"]
[BlackElo "2341"]
[Result "0-1"]
[PlyCount "122"]
[EventDate "2014.03.06"]

1. e4 e6 2. d4 d5 3. Nd2 Nc6 4. Ngf3 Nf6 5. e5 Nd7 6. Nb3 a5 7. a4 Be7 8. Bb5
Ncb8 9. O-O b6 10. Re1 Ba6 11. c3 O-O 12. g3 c6 13. Bxa6 Nxa6 14. h4 h6 15. Nh2
Nc7 16. Qh5 Qe8 17. Qg4 f5 18. exf6 Nxf6 19. Qh3 Bd6 20. Be3 Qg6 21. Re2 Rae8
22. Rae1 Qd3 23. Nc1 Qg6 24. Nb3 Rf7 25. Nd2 Rfe7 26. Ndf3 Qf5 27. g4 Qg6 28.
h5 Qf7 29. Nh4 c5 30. N2f3 Ne4 31. Ng6 Rd7 32. Nfe5 Bxe5 33. Nxe5 Qe7 34. Nxd7
Qxd7 35. f3 Nd6 36. dxc5 bxc5 37. Bxc5 Nf7 38. f4 Qxa4 39. Qg3 Qc4 40. Bd4 Nb5
41. Be5 a4 42. g5 hxg5 43. fxg5 Nxe5 44. Rxe5 d4 45. R5e4 a3 46. bxa3 Nxc3 47.
Re5 d3 48. Qg2 Rf8 49. Rxe6 Qd4+ 50. Kh1 d2 51. Rg1 d1=Q 52. Rxd1 Qxd1+ 53. Kh2
Qxh5+ 54. Kg1 Qd1+ 55. Kh2 Qd7 56. Ra6 Qc7+ 57. Kg1 Qc4 58. Rc6 Ne2+ 59. Kh1
Qh4+ 60. Qh2 Rf1+ 61. Kg2 Rf2+ 0-1

[Event "II Trofeo Antica Scuola Napoletana A"]
[Site "Napoli ITA"]
[Date "2014.03.20"]
[Round "3"]
[White "Di Gennaro, Antonio"]
[Black "Cerrato, Roberto"]
[WhiteElo "1674"]
[BlackElo "1777"]
[Result "0-1"]
[PlyCount "74"]
[EventDate "2014.03.06"]

1. e4 e6 2. d4 d5 3. Nc3 Bb4 4. e5 c5 5. a3 Bxc3+ 6. bxc3 Qa5 7. Bd2 Qa4 8. Qb1
c4 9. Nh3 Ne7 10. Nf4 Nbc6 11. g3 O-O 12. Bh3 Rb8 13. O-O Bd7 14. Nh5 Be8 15.
Qd1 f5 16. exf6 Bxh5 17. Qxh5 Rxf6 18. Bf4 Rbf8 19. Qe2 Nf5 20. Be5 Nxe5 21.
dxe5 R6f7 22. Rfb1 Qa5 23. Rb4 Kh8 24. a4 Qc5 25. Rb5 Qc6 26. Bg2 b6 27. Rab1
Qc7 28. f4 Qd8 29. a5 bxa5 30. Ra1 g5 31. Rbxa5 gxf4 32. Rxa7 fxg3 33. hxg3
Nxg3 34. Qg4 Qb6+ 35. Kh2 Rxa7 36. Rxa7 Qxa7 37. Qxg3 Qf2 0-1

[Event "II Trofeo Antica Scuola Napoletana A"]
[Site "Napoli ITA"]
[Date "2014.03.20"]
[Round "3"]
[White "Farina, Walter"]
[Black "De Rosa, Francesco"]
[WhiteElo "1606"]
[BlackElo "1917"]
[Result "0-1"]
[PlyCount "64"]
[EventDate "2014.03.06"]

1. e4 c5 2. Nf3 d6 3. d4 cxd4 4. Nxd4 Nf6 5. Nc3 g6 6. f3 Bg7 7. Be3 a6 8. Bc4
b5 9. Bb3 Bb7 10. a3 Nbd7 11. Qd2 Nc5 12. Bh6 Bxh6 13. Qxh6 Rc8 14. Qg7 Rf8 15.
Ba2 Qb6 16. O-O-O b4 17. axb4 Qxb4 18. Nb3 Ne6 19. Qh6 Nd7 20. Qe3 Ne5 21. Nd2
Nd4 22. Nb3 Ne6 23. Nd2 Kd7 24. Bxe6+ fxe6 25. Nb3 Nc4 26. Qd3 a5 27. Na2 Qb6
28. Qd4 Qc6 29. Qc3 Ba6 30. Rd4 Qa4 31. Qxa5 Qxb3 32. Qxa6 Qxb2+ 0-1

[Event "II Trofeo Antica Scuola Napoletana A"]
[Site "Napoli ITA"]
[Date "2014.03.20"]
[Round "3"]
[White "Freda, Guido"]
[Black "Sparice, Lorenzo"]
[WhiteElo "1570"]
[BlackElo "1473"]
[Result "1-0"]
[PlyCount "67"]
[EventDate "2014.03.06"]

1. d4 Nf6 2. c4 c6 3. Nc3 d5 4. Bg5 e6 5. e3 dxc4 6. Bxc4 b5 7. Bd3 Bb4 8. Nf3
Bxc3+ 9. bxc3 h6 10. Bh4 Nbd7 11. e4 g5 12. Bg3 a6 13. O-O Qe7 14. Ne5 Bb7 15.
Nxd7 Nxd7 16. f4 gxf4 17. Bxf4 e5 18. Bg3 O-O-O 19. Qb3 Rdf8 20. a4 f6 21. axb5
axb5 22. Bf2 Kc7 23. d5 Nc5 24. Qb4 Ra8 25. Bxc5 Qd7 26. d6+ Kb8 27. Rxa8+ Bxa8
28. c4 Qb7 29. Rxf6 Rd8 30. Re6 bxc4 31. Qxb7+ Bxb7 32. Bxc4 Bc8 33. Rxe5 Bd7
34. Rh5 1-0

[Event "II Trofeo Antica Scuola Napoletana A"]
[Site "Napoli ITA"]
[Date "2014.03.20"]
[Round "3"]
[White "Schiappoli, Dario"]
[Black "Solombrino, Giovanni"]
[WhiteElo "1915"]
[BlackElo "1859"]
[Result "1/2-1/2"]
[PlyCount "98"]
[EventDate "2014.03.06"]

1. e4 c5 2. Nf3 Nc6 3. d4 cxd4 4. Nxd4 g6 5. Be3 Bg7 6. Nc3 Nf6 7. Bc4 O-O 8.
Bb3 Ng4 9. Qxg4 Nxd4 10. Qh4 d6 11. O-O Be6 12. Rfd1 Nxb3 13. axb3 a6 14. Bd4
Qc7 15. Bxg7 Kxg7 16. Kh1 f6 17. f4 Bf7 18. Rd3 h5 19. Rad1 Qc5 20. Re1 b5 21.
e5 dxe5 22. fxe5 g5 23. Rg3 Kh6 24. Qe4 Rad8 25. Qe2 Bg6 26. h3 b4 27. Ne4 Bxe4
28. Qxe4 Qd4 29. exf6 Qxe4 30. Rxe4 exf6 31. Rxb4 Rd2 32. Rc3 Re8 33. Rb6 Ree2
34. Rxf6+ Kg7 35. Rxa6 Rxc2 36. Rxc2 Rxc2 37. Rb6 Rxb2 38. Kg1 g4 39. hxg4 hxg4
40. Kh2 Rc2 41. b4 Kf7 42. b5 Ke7 43. Kg3 Rb2 44. Kxg4 Rxg2+ 45. Kf5 Kd7 46.
Ke5 Rc2 47. Kd5 Kc7 48. Rh6 Rb2 49. Kc4 Kb7 1/2-1/2

[Event "II Trofeo Antica Scuola Napoletana A"]
[Site "Napoli ITA"]
[Date "2014.03.20"]
[Round "3"]
[White "Taurisano, Vincenzo"]
[Black "Vannini, Aldo"]
[WhiteElo "1934"]
[BlackElo "1775"]
[Result "1-0"]
[PlyCount "71"]
[EventDate "2014.03.06"]

1. d4 e6 2. c4 d5 3. Nc3 a6 4. Nf3 dxc4 5. a4 Bb4 6. e4 c5 7. Bxc4 cxd4 8. Nxd4
Qc7 9. Qe2 Ne7 10. O-O Nbc6 11. Be3 Bxc3 12. bxc3 Bd7 13. Nf3 Ng6 14. Rfb1 O-O
15. Bb6 Qc8 16. Rd1 Nce5 17. Nxe5 Nxe5 18. Rd4 Qc6 19. a5 Rac8 20. Ba2 Qxc3 21.
Rad1 Bc6 22. f4 Ng6 23. f5 exf5 24. exf5 Rfe8 25. Bxf7+ Kxf7 26. fxg6+ hxg6 27.
Rf4+ Qf6 28. Qc4+ Re6 29. Rxf6+ gxf6 30. Rd6 Rce8 31. Rxe6 Rxe6 32. Kf2 Bb5 33.
Qh4 Kg7 34. Qf4 Re7 35. g4 Bc6 36. Bd4 1-0

[Event "II Trofeo Antica Scuola Napoletana A"]
[Site "Napoli ITA"]
[Date "2014.03.27"]
[Round "4"]
[White "Baccelliere, Antonio"]
[Black "Schiappoli, Dario"]
[WhiteElo "1700"]
[BlackElo "1915"]
[Result "1-0"]
[PlyCount "57"]
[EventDate "2014.03.06"]

1. e4 c5 2. Nf3 d6 3. d4 cxd4 4. Nxd4 Nf6 5. Nc3 a6 6. Bc4 e6 7. O-O b5 8. Bb3
b4 9. Na4 Nxe4 10. Qf3 d5 11. Be3 Bd6 12. Rac1 Nd7 13. c4 Ne5 14. Qe2 dxc4 15.
Bxc4 Bb7 16. f3 Nxc4 17. Rxc4 Bxh2+ 18. Kxh2 Qh4+ 19. Kg1 Ng3 20. Qe1 a5 21.
Nb6 Ba6 22. Nb5 Qh1+ 23. Kf2 Qxf1+ 24. Qxf1 Nxf1 25. Nxa8 Nxe3 26. Kxe3 Kd7 27.
Rc7+ Kd8 28. Nb6 Re8 29. Rd7# 1-0

[Event "II Trofeo Antica Scuola Napoletana A"]
[Site "Napoli ITA"]
[Date "2014.03.27"]
[Round "4"]
[White "Cerrato, Roberto"]
[Black "Capozzoli, Silvio"]
[WhiteElo "1777"]
[BlackElo "1743"]
[Result "1-0"]
[PlyCount "141"]
[EventDate "2014.03.06"]

1. Nf3 g6 2. c4 Bg7 3. g3 d6 4. Bg2 e6 5. O-O Ne7 6. Nc3 Nd7 7. d3 h6 8. Bd2 a6
9. Rb1 Rb8 10. b4 b6 11. a4 Bb7 12. h3 O-O 13. Qc1 Kh7 14. Qc2 e5 15. Ne1 Nf5
16. Bxb7 Nd4 17. Qd1 Rxb7 18. e3 Ne6 19. Qf3 Ra7 20. Nc2 Ng5 21. Qg2 f5 22. f4
exf4 23. exf4 Ne6 24. Qd5 Qf6 25. Rfe1 Re8 26. Re2 Ndf8 27. Rbe1 Raa8 28. Qg2
Qf7 29. Nd5 Qd7 30. b5 axb5 31. axb5 Ra2 32. Ncb4 Bd4+ 33. Be3 Rxe2 34. Qxe2
Bg7 35. Bf2 Qf7 36. Kg2 g5 37. fxg5 hxg5 38. Qd2 Ng6 39. Nc6 Ne5 40. Nxe5 dxe5
41. Re2 Qh5 42. Re1 Qf7 43. Qe2 Kg6 44. Kg1 Qd7 45. Qf3 Qd6 46. Qe2 Rh8 47. Kg2
Ra8 48. Rh1 Qa3 49. h4 g4 50. Re1 Qa2 51. Kf1 Qxe2+ 52. Rxe2 Ra1+ 53. Re1 Rxe1+
54. Kxe1 Bf8 55. Kd2 Bd6 56. Be3 e4 57. Bf2 Nc5 58. Bxc5 bxc5 59. dxe4 fxe4 60.
Ne3 Bxg3 61. Nxg4 Bxh4 62. Ke3 Kf5 63. Nh6+ Ke5 64. Ng4+ Kf5 65. Nh6+ Kf6 66.
Ng4+ Kf5 67. Nh6+ Kf6 68. Kxe4 Bf2 69. Ng4+ Kg5 70. Nxf2 Kf6 71. Nd3 1-0

[Event "II Trofeo Antica Scuola Napoletana A"]
[Site "Napoli ITA"]
[Date "2014.03.27"]
[Round "4"]
[White "De Rosa, Francesco"]
[Black "Baltzopoulos, Giorgos"]
[WhiteElo "1917"]
[BlackElo "2030"]
[Result "0-1"]
[PlyCount "74"]
[EventDate "2014.03.06"]

1. d4 Nf6 2. Nf3 g6 3. g3 Bg7 4. Bg2 d5 5. O-O O-O 6. Nbd2 Nc6 7. c4 Bf5 8. Qb3
Na5 9. Qa4 c6 10. Ne5 Rc8 11. e3 Ne8 12. Rd1 f6 13. Nef3 Nd6 14. c5 b5 15. cxb6
axb6 16. b4 Nab7 17. Qb3 Kh8 18. h3 Qd7 19. g4 Be6 20. Nh4 f5 21. g5 f4 22. Kh2
fxe3 23. Qxe3 Nb5 24. Ndf3 c5 25. Re1 Nd8 26. bxc5 bxc5 27. Bb2 c4 28. Rac1 Ra8
29. Ne5 Qd6 30. Ra1 c3 31. Bxc3 Ra3 32. Rec1 Nc6 33. Kg1 Ncxd4 34. Nexg6+ hxg6
35. Nxg6+ Kg8 36. Nxf8 Kxf8 37. Rab1 Nxc3 0-1

[Event "II Trofeo Antica Scuola Napoletana A"]
[Site "Napoli ITA"]
[Date "2014.03.27"]
[Round "4"]
[White "Esposito, Rosario"]
[Black "Russo Spena, Vincenzo"]
[WhiteElo "1832"]
[BlackElo "1493"]
[Result "1-0"]
[PlyCount "61"]
[EventDate "2014.03.06"]

1. d4 c5 2. d5 Nf6 3. c4 g6 4. Nc3 Bg7 5. e4 d6 6. f3 O-O 7. Be3 a6 8. Qd2 Nbd7
9. Nh3 Ne5 10. Nf2 e6 11. Be2 Rb8 12. f4 Ned7 13. dxe6 fxe6 14. Qxd6 Nb6 15.
Qxd8 Rxd8 16. e5 Nfd7 17. Nfe4 Bf8 18. O-O-O Na8 19. Bxc5 b6 20. Bxf8 Rxf8 21.
g3 Rb7 22. Nd6 Rc7 23. Bf3 Ra7 24. Bxa8 Rxa8 25. Nxc8 Raxc8 26. Rxd7 Rxc4 27.
Kb1 Rc6 28. Rhd1 b5 29. Ne4 Rf7 30. Rxf7 Rc4 31. Rd8+ 1-0

[Event "II Trofeo Antica Scuola Napoletana A"]
[Site "Napoli ITA"]
[Date "2014.03.27"]
[Round "4"]
[White "Messina, Enrico"]
[Black "Vecchione, Anna Pia"]
[WhiteElo "2172"]
[BlackElo "1556"]
[Result "1-0"]
[PlyCount "59"]
[EventDate "2014.03.06"]

1. e4 c5 2. d4 cxd4 3. c3 d3 4. Bxd3 g6 5. c4 Nc6 6. Nf3 Bg7 7. O-O e6 8. Qe2
Nge7 9. Nc3 d6 10. Re1 O-O 11. h3 a6 12. Bf4 Re8 13. Rad1 Ne5 14. Bb1 N7c6 15.
Nxe5 Nxe5 16. Be3 Qe7 17. f4 Nc6 18. Na4 a5 19. Rd2 f5 20. Red1 fxe4 21. Rxd6
e5 22. Bc5 Qf7 23. Nb6 Rb8 24. Nxc8 Rbxc8 25. Rd7 Ne7 26. Ba3 exf4 27. Bxe4 Kh8
28. Bxb7 Nc6 29. Rxf7 Rxe2 30. Bxc8 1-0

[Event "II Trofeo Antica Scuola Napoletana A"]
[Site "Napoli ITA"]
[Date "27.15.27"]
[Round "4"]
[White "Seletsky, Grigory"]
[Black "Zinnai, Graziano Matteo"]
[WhiteElo "2341"]
[BlackElo "2032"]
[Result "1/2-1/2"]
[PlyCount "39"]
[EventDate "2014.03.06"]

1. e4 d5 2. exd5 Qxd5 3. Nf3 Bg4 4. Be2 Nf6 5. d4 e6 6. c4 Qd8 7. Nc3 c6 8. O-O
Bd6 9. Ne5 Bxe2 10. Qxe2 O-O 11. Bg5 Be7 12. Rad1 Re8 13. Rd3 Nbd7 14. Rfd1 Qc7
15. Bf4 Rad8 16. Nxf7 Qxf4 17. Qxe6 Nf8 18. Nh6+ Kh8 19. Nf7+ Kg8 20. Nh6+
1/2-1/2

[Event "II Trofeo Antica Scuola Napoletana A"]
[Site "Napoli ITA"]
[Date "2014.03.27"]
[Round "4"]
[White "Solombrino, Giovanni"]
[Black "Freda, Guido"]
[WhiteElo "1859"]
[BlackElo "1570"]
[Result "1-0"]
[PlyCount "41"]
[EventDate "2014.03.06"]

1. e4 c5 2. Nf3 d6 3. d4 cxd4 4. Nxd4 Nf6 5. Nc3 e5 6. Nf5 Nc6 7. Bg5 Bxf5 8.
exf5 Be7 9. Qd2 O-O 10. O-O-O Nd4 11. Bd3 Qd7 12. Bxf6 Bxf6 13. Ne4 Qe7 14. c3
Nxf5 15. g4 Nh4 16. g5 d5 17. gxf6 gxf6 18. Rhg1+ Ng6 {[%emt 0:00:00]} 19. Ng3
{[%emt 0:00:00]} e4 {[%emt 0:00:00]} 20. Bc2 {[%emt 0:00:00]} Qe6 {
[%emt 0:00:00]} 21. Qh6 {[%emt 0:00:00]} 1-0

[Event "II Trofeo Antica Scuola Napoletana A"]
[Site "Napoli ITA"]
[Date "2014.03.27"]
[Round "4"]
[White "Taurisano, Vincenzo"]
[Black "De Rosa, Mariagrazia"]
[WhiteElo "1934"]
[BlackElo "2054"]
[Result "0-1"]
[PlyCount "108"]
[EventDate "2014.03.06"]

1. g3 e5 2. Bg2 d5 3. c4 d4 4. d3 Bb4+ 5. Bd2 a5 6. Bxb4 axb4 7. Nf3 Nc6 8.
Nbd2 Nf6 9. O-O h6 10. Nb3 O-O 11. Qc2 Qe7 12. c5 Bg4 13. a4 bxa3 14. Rxa3 Rxa3
15. bxa3 Ra8 16. Ra1 Be6 17. Nfd2 Nd5 18. Nc4 f6 19. Qb2 Nc3 20. Bxc6 bxc6 21.
Nba5 Qxc5 22. Qb7 Rxa5 23. Nxa5 Qxa5 24. Qxc6 Qd5 25. Qxd5 Bxd5 26. Kf1 Bb3 27.
Ke1 Kf7 28. Kd2 Ke6 29. e4 Kd6 30. f4 c5 31. fxe5+ Kxe5 32. Rf1 Be6 33. Ra1 Bd7
34. Rg1 c4 35. dxc4 Nxe4+ 36. Kd3 Nc5+ 37. Kd2 Ne4+ 38. Kd3 Nc5+ 39. Kd2 Be6
40. Re1+ Kd6 41. a4 Bxc4 42. a5 Nb3+ 43. Kc2 Nxa5 44. Ra1 Nc6 45. Ra4 Kc5 46.
Ra8 Be6 47. Re8 Bf5+ 48. Kd2 Ne5 49. Re7 g5 50. Rb7 Kd6 51. h4 d3 52. hxg5 hxg5
53. Ra7 Nc4+ 54. Kd1 Bg4+ 0-1

[Event "II Trofeo Antica Scuola Napoletana A"]
[Site "Napoli ITA"]
[Date "2014.03.27"]
[Round "4"]
[White "Vannini, Aldo"]
[Black "Farina, Walter"]
[WhiteElo "1775"]
[BlackElo "1606"]
[Result "1/2-1/2"]
[PlyCount "56"]
[EventDate "2014.03.06"]

1. e4 c5 2. Nc3 g6 3. g3 Bg7 4. Bg2 d6 5. d3 Nc6 6. Be3 Nf6 7. f4 e5 8. Nf3 O-O
9. O-O Ng4 10. Bc1 f5 11. h3 Nh6 12. Nd5 Be6 13. fxe5 Bxd5 14. exd5 Nxe5 15.
Bf4 Nhf7 16. Qd2 Nxf3+ 17. Bxf3 b5 18. c3 Rb8 19. Rfe1 Re8 20. Rxe8+ Qxe8 21.
Re1 Qd7 22. g4 Ne5 23. Bd1 fxg4 24. Bxe5 Bxe5 25. Bxg4 Qg7 26. Rf1 Rf8 27. Qe2
Rxf1+ 28. Qxf1 Qf6 1/2-1/2

[Event "II Trofeo Antica Scuola Napoletana A"]
[Site "Napoli ITA"]
[Date "2014.04.03"]
[Round "5"]
[White "Baltzopoulos, Giorgos"]
[Black "Baccelliere, Antonio"]
[WhiteElo "2030"]
[BlackElo "1700"]
[Result "1-0"]
[PlyCount "37"]
[EventDate "2014.03.06"]

1. e4 e5 2. Nf3 Nc6 3. Bb5 a6 4. Ba4 Nf6 5. O-O b5 6. Bb3 Bb7 7. c3 Be7 8. d4
d6 9. Re1 O-O 10. Nbd2 Re8 11. Nf1 Bf8 12. Ng3 g6 13. h4 Bg7 14. h5 Qe7 15. Bg5
Nb8 16. Nh4 Kf8 17. Qf3 Nbd7 18. Rad1 Rad8 19. Nhf5 1-0

[Event "II Trofeo Antica Scuola Napoletana A"]
[Site "Napoli ITA"]
[Date "2014.04.03"]
[Round "5"]
[White "Capozzoli, Silvio"]
[Black "Russo Spena, Vincenzo"]
[WhiteElo "1743"]
[BlackElo "1493"]
[Result "0-1"]
[PlyCount "88"]
[EventDate "2014.03.06"]

1. d4 c5 2. d5 g6 3. e4 d6 4. Nf3 Bg7 5. Be2 Nd7 6. O-O Qb6 7. Nc3 Ne5 8. Nd2
Nf6 9. Kh1 O-O 10. f4 Neg4 11. Nc4 Qd8 12. h3 Nh5 13. Qe1 Bxc3 14. Qxc3 b5 15.
Nd2 b4 16. Qb3 Ngf6 17. g4 Ng7 18. Qe3 e6 19. dxe6 fxe6 20. Bf3 Ba6 21. Rd1 Bb7
22. b3 a5 23. Bb2 Rf7 24. Nc4 Rd7 25. Nb6 Qxb6 26. Bxf6 Ne8 27. Bg5 a4 28. c4
axb3 29. axb3 Ra3 30. Rab1 Ba6 31. Be2 Ra7 32. f5 exf5 33. gxf5 Qc6 34. fxg6
hxg6 35. Rf1 Bb7 36. Bd3 Ra2 37. Qf4 Ng7 38. Bh6 Qd7 39. Qf8+ Kh7 40. Qxg7+
Qxg7 41. Bxg7 Kxg7 42. Kg1 Rd2 43. Rf3 Raa2 44. Rbf1 Rg2+ 0-1

[Event "II Trofeo Antica Scuola Napoletana A"]
[Site "Napoli ITA"]
[Date "2014.04.03"]
[Round "5"]
[White "Cerrato, Roberto"]
[Black "Taurisano, Vincenzo"]
[WhiteElo "1777"]
[BlackElo "1934"]
[Result "0-1"]
[PlyCount "78"]
[EventDate "2014.03.06"]

1. Nf3 d5 2. d4 c5 3. g3 cxd4 4. Bg2 Nf6 5. O-O Nc6 6. Nxd4 e6 7. c4 Qb6 8.
Nxc6 bxc6 9. Nd2 Rb8 10. b3 Be7 11. e3 O-O 12. Bb2 Ba6 13. Rc1 Rfd8 14. Qc2 c5
15. Rfd1 Rbc8 16. Bf1 d4 17. exd4 cxd4 18. Nf3 Bc5 19. a3 Bb7 20. Bg2 Ng4 21.
Qd3 e5 22. Ng5 g6 23. Bxb7 Qxb7 24. Qf3 Qxf3 25. Nxf3 d3 26. Rd2 e4 27. Ne5
Nxe5 28. Bxe5 e3 29. Ra2 d2 30. Rxd2 exd2 31. Rd1 Bxa3 32. Bc3 Rb8 33. Bf6 Rd7
34. Kf1 Rxb3 35. Ke2 Bb2 36. Bg5 Bc3 37. Bf4 Rb6 38. c5 Re6+ 39. Be3 a5 0-1

[Event "II Trofeo Antica Scuola Napoletana A"]
[Site "Napoli ITA"]
[Date "2014.04.03"]
[Round "5"]
[White "De Rosa, Francesco"]
[Black "Soave, Vittorio"]
[WhiteElo "1917"]
[BlackElo "1626"]
[Result "1/2-1/2"]
[PlyCount "110"]
[EventDate "2014.03.06"]

1. e4 e6 2. d4 d5 3. Nc3 Nf6 4. Bg5 Be7 5. Bxf6 Bxf6 6. e5 Be7 7. Qg4 O-O 8.
Nf3 c5 9. O-O-O Nc6 10. dxc5 Bxc5 11. Ne4 Nxe5 12. Nxe5 f5 13. Qe2 fxe4 14. Ng4
Qg5+ 15. Kb1 Qf5 16. Rd2 d4 17. h3 Bd7 18. f3 exf3 19. gxf3 Bc6 20. Ne5 Bxf3
21. Nxf3 Qxf3 22. Qxe6+ Kh8 23. Bg2 Qe3 24. Re2 Qxe6 25. Rxe6 Rf7 26. Re5 Rc8
27. Rhe1 g6 28. Bd5 Rfc7 29. a3 Kg7 30. Re8 Rxe8 31. Rxe8 Rd7 32. Bc4 Kf6 33.
Kc1 Be7 34. Rh8 Kf5 35. Kd2 Kf4 36. Kd3 Bg5 37. Bb5 Rc7 38. Bc4 Re7 39. Rf8+
Kg3 40. Kxd4 Kxh3 41. Bd5 Kg4 42. b4 h5 43. Be4 Rg7 44. c4 h4 45. c5 Bf4 46. b5
h3 47. a4 Rh7 48. Bxg6 h2 49. Bf5+ Kg3 50. Rg8+ Kf2 51. Be4 h1=Q 52. Bxh1 Rxh1
53. Rf8 Kf3 54. Kd5 Rh5+ 55. Kd4 Kg4 1/2-1/2

[Event "II Trofeo Antica Scuola Napoletana A"]
[Site "Napoli ITA"]
[Date "2014.04.03"]
[Round "5"]
[White "Farina, Walter"]
[Black "Esposito, Rosario"]
[WhiteElo "1606"]
[BlackElo "1832"]
[Result "1/2-1/2"]
[PlyCount "43"]
[EventDate "2014.03.06"]

1. e4 c5 2. Nf3 e6 3. d4 cxd4 4. Nxd4 Nc6 5. Nxc6 bxc6 6. c4 Nf6 7. Bd3 d5 8.
cxd5 cxd5 9. exd5 Nxd5 10. O-O Be7 11. Bd2 Bf6 12. Qc2 Rb8 13. Nc3 Nb4 14. Qa4+
Bd7 15. Bb5 Bxc3 16. Bxd7+ Qxd7 17. Qxd7+ Kxd7 18. Bxc3 f6 19. Bxb4 Rxb4 20.
Rfd1+ Ke7 21. b3 Rd8 22. g3 1/2-1/2

[Event "II Trofeo Antica Scuola Napoletana A"]
[Site "Napoli ITA"]
[Date "2014.04.03"]
[Round "5"]
[White "Freda, Guido"]
[Black "Vannini, Aldo"]
[WhiteElo "1570"]
[BlackElo "1775"]
[Result "1-0"]
[PlyCount "55"]
[EventDate "2014.03.06"]

1. d4 Nf6 2. c4 g6 3. Nc3 Bg7 4. Bg5 d6 5. h3 Nbd7 6. e3 O-O 7. Nf3 c5 8. Be2
h6 9. Bh4 Qa5 10. O-O Re8 11. d5 Nf8 12. Qd2 g5 13. Bg3 Qd8 14. Nh2 Bf5 15. f4
gxf4 16. Rxf4 Bh7 17. Ng4 Nxg4 18. Bxg4 Ng6 19. Rf2 Ne5 20. Bh5 Bg6 21. Bxg6
fxg6 22. Qc2 Kh7 23. Qe4 Nd7 24. Ne2 Nf6 25. Qe6 Qd7 26. Nf4 Rf8 27. Nxg6 Kxg6
28. Rxf6+ 1-0

[Event "II Trofeo Antica Scuola Napoletana A"]
[Site "Napoli ITA"]
[Date "2014.04.03"]
[Round "5"]
[White "Messina, Enrico"]
[Black "Seletsky, Grigory"]
[WhiteElo "2172"]
[BlackElo "2341"]
[Result "0-1"]
[PlyCount "116"]
[EventDate "2014.03.06"]

1. e4 e6 2. d4 d5 3. Nd2 Nc6 4. Ngf3 Nf6 5. e5 Nd7 6. Bb5 a6 7. Bxc6 bxc6 8. c4
dxc4 9. Nxc4 Nb6 10. Qc2 c5 11. O-O Nxc4 12. Qxc4 cxd4 13. Bg5 Qd7 14. Rfd1 Bb7
15. Rxd4 Bd5 16. Qc2 c6 17. Rad1 h6 18. Bh4 Rc8 19. Nd2 c5 20. Rd3 g5 21. Bg3
c4 22. Nxc4 Be7 23. Rc3 O-O 24. Ne3 Rxc3 25. bxc3 Rc8 26. Qd3 Qc6 27. Nxd5 exd5
28. h4 gxh4 29. Bf4 Kg7 30. Qxd5 Qxd5 31. Rxd5 Rxc3 32. Rd7 Kf8 33. Bxh6+ Ke8
34. Rd2 Rc1+ 35. Kh2 Rc6 36. Bf4 Rc4 37. g3 hxg3+ 38. Bxg3 Bg5 39. Re2 Ke7 40.
Kg2 Ke6 41. Rb2 Ra4 42. Rb6+ Kf5 43. Rb2 Bf4 44. Bxf4 Kxf4 45. Re2 Re4 46. Kf1
Kxe5 47. Rb2 Ra4 48. Ke2 f5 49. Rc2 Ke4 50. Rb2 f4 51. f3+ Kd4 52. Kd2 a5 53.
Rc2 Ra3 54. Ke2 Re3+ 55. Kf2 a4 56. Rc8 Ra3 57. Rc2 Kd3 58. Rb2 Rc3 0-1

[Event "II Trofeo Antica Scuola Napoletana A"]
[Site "Napoli ITA"]
[Date "2014.04.03"]
[Round "5"]
[White "Schiappoli, Dario"]
[Black "Auletta, Pasquale"]
[WhiteElo "1915"]
[BlackElo "1557"]
[Result "1-0"]
[PlyCount "69"]
[EventDate "2014.03.06"]

1. e4 c5 2. Nf3 d6 3. d4 cxd4 4. Nxd4 Nf6 5. Nc3 a6 6. Bc4 e6 7. Bb3 b5 8. O-O
b4 9. Na4 Bd7 10. Re1 Nc6 11. Be3 Nxe4 12. Qf3 d5 13. Rad1 Bd6 14. Nb6 Ne5 15.
Qh3 Rb8 16. Nxd7 Qxd7 17. f4 Nc6 18. Ba4 Rc8 19. f5 e5 20. Nxc6 Rxc6 21. Rxd5
Nf6 22. Rd2 Ne4 23. Qf3 Nxd2 24. Qxc6 Qxc6 25. Bxc6+ Ke7 26. Bxd2 Rc8 27. Be4
Rc4 28. Bd3 Rd4 29. Re4 Rxe4 30. Bxe4 f6 31. Kf2 a5 32. Be3 Bc7 33. Ke2 Kf7 34.
Kd3 g6 35. Kc4 1-0

[Event "II Trofeo Antica Scuola Napoletana A"]
[Site "Napoli ITA"]
[Date "2014.04.03"]
[Round "5"]
[White "Vecchione, Anna Pia"]
[Black "Solombrino, Giovanni"]
[WhiteElo "1556"]
[BlackElo "1859"]
[Result "0-1"]
[PlyCount "52"]
[EventDate "2014.03.06"]

1. e4 c5 2. Nf3 Nc6 3. d4 cxd4 4. Nxd4 g6 5. c4 Bg7 6. Be3 Nf6 7. Nc3 Ng4 8.
Nxc6 Nxe3 9. Qd3 Nxg2+ 10. Bxg2 bxc6 11. f4 Qb6 12. Rb1 d6 13. Qf3 O-O 14. h4
h5 15. Bh3 Bxh3 16. Qxh3 Qb4 17. Qd3 Rab8 18. Kd2 e6 19. Rhg1 d5 20. cxd5 cxd5
21. Rg5 d4 22. Rb5 Rxb5 23. Qxb5 dxc3+ 24. bxc3 Qxc3+ 25. Ke2 Rd8 26. Rd1 Qc2+
0-1